000 00717cam a22002054a 4500
005 20250605164057.0
008 250528s ||||||||||||||||||||||||d
035 _a17511
020 _a141291146
040 _aGR-AtMCL
_bgre
_dGR-AtMCL
_eAACR2
245 1 _aAn Introduction to Qualitative Research
250 _a3rd
260 _bSage Publications,
_c2006
300 _a444
520 _aFramework, From Theory to Text, Research Design, Verbal Data, Observation and Mediated Data, From Theory to Theory, Grounding and Writing Qualitative Research, Qualitative Research: Integration and Outlook, Glossary, References, Index.
700 1 _aFlick Uwe
_93652
942 _cBK
999 _c2919
_d2919